000 01971nas a22002537a 4500
005 20260305140316.0
007 cr
008 260303c2011 ag |||p| |||| 00| 0 spa d
022 _a22504982
040 _cAR-FvUNAJ
245 1 0 _aAnacronismo e Irrupción :
_brevista de teoría y filosofía política clásica y moderna /
_cInstituto Gino Germani. Universidad de Buenos Aires
260 _aCiudad Autónoma de Buenos Aires :
_bUBA,
_c2011 -
300 _aEn línea
362 _aVol. 1, No. 1 (nov 2011 - may 2012) -
520 2 _aLa revista Anacronismo e Irrupción es una publicación semestral vinculada al grupo de estudio de teoría política clásica y moderna, inscripto en el Instituto de Investigaciones Gino Germani de la Facultad de Ciencias Sociales de la Universidad de Buenos Aires, Argentina. Abocada a la teoría y filosofía política, se propone aportar a la labor de intercambio y difusión de la producción científica del área, publicando artículos sujetos a las condiciones de referato doble ciego y que comprenden distintas modalidades: artículos focalizados en temáticas específicas de la teoría política clásica y moderna, artículos que hacen hincapié en hermenéuticas contemporáneas en torno a lo clásico y moderno, contribuciones que expliciten avances de investigaciones y reseñas críticas.
650 2 7 _2unescot
_9935
_aTEORIA POLITICA
650 2 7 _2unescot
_922085
_aDOCTRINA POLITICA
710 2 _92483
_aUniversidad de Buenos Aires.
_bFacultad de Ciencias Sociales.
_bInstituto de Investigaciones Gino Germani
856 4 0 _uhttps://publicaciones.sociales.uba.ar/index.php/anacronismo/index
856 4 0 _uhttps://publicaciones.sociales.uba.ar/index.php/anacronismo/article/view/5258
_yUn nacimiento situado para la violencia de género. Indagaciones sobre la militancia feminista porteña de los años 80
869 _a----
942 _2ddc
_cURL
980 _619227
_aLeticia Ana Abalos
_819227
_gLeticia Ana Abalos
999 _c11201
_d11201